| 000 | 00754cam a22002531 4500 | ||
|---|---|---|---|
| 001 | sa 64000369 | ||
| 003 | DLC | ||
| 005 | 20260227111955.0 | ||
| 008 | 890802s1962 ii 000 0 pano | ||
| 010 | _asa 64000369 | ||
| 025 | _aPL480:I-Pu-252 | ||
| 035 | _a(OCoLC)20116500 | ||
| 040 |
_aDLC _cWaU _dNSyU _dDLC |
||
| 042 | _apremarc | ||
| 043 | _aa-ii--- | ||
| 050 | 0 | 0 |
_aPK2659.P68 _bR3 |
| 100 | 1 | _aPrabhākara, Madana. | |
| 245 | 1 | 0 |
_aRājā Bikaramāñjīta dīāṃ kahāṇīāṃ, _clekhaka Madana Prabhākara. |
| 250 | _a[Pahilī wāra.] | ||
| 260 |
_aAmmritasara, _bBhāī Mehara Siṅgha Surindara Siṅgha _c[1962] |
||
| 300 |
_a95 p. _c19 cm. |
||
| 500 | _aIn Panjabi. | ||
| 600 | 0 | 0 |
_aVikramāditya Śakāri, _cKing of Ujjain _vFiction. |
| 999 |
_c56171 _d56171 |
||